[Event "European Senior Team Championship 2021"]
[Site "Don Giovanni hotel, Vinohradska 2733, Prague, Czech Republic"]
[Date "2021.08.30"]
[Round "1"]
[Board "3"]
[White "Vucenovic, Dragomir"]
[Black "Tejkal, Jiri"]
[Result "1-0"]
[WhiteElo "2161"]
[BlackElo "1869"]
[PlyCount "0"]
[EventDate "2021.08.30"]
[EventType "team"]
[EventRounds "9"]
[EventCountry "ECX"]
[WhiteTeam "SWITZERLAND"]
[BlackTeam "CAISSA ROZTOKY"]

1. d4 {[%clk 1:30:56]} Nf6 {[%clk 1:30:40]} 2. Nf3 {[%clk 1:30:57]} g6
{[%clk 1:30:36]} 3. g3 {[%clk 1:30:48]} Bg7 {[%clk 1:30:53]} 4. Bg2
{[%clk 1:31:01]} O-O {[%clk 1:31:01]} 5. O-O {[%clk 1:31:22]} d6 {[%clk 1:30:47]}
6. c4 {[%clk 1:31:41]} Nc6 {[%clk 1:29:18]} 7. Nc3 {[%clk 1:31:46]} a6
{[%clk 1:29:00]} 8. Re1 {[%clk 1:30:45]} Rb8 {[%clk 1:27:38]} 9. Rb1
{[%clk 1:30:59]} e5 {[%clk 1:22:27]} 10. dxe5 {[%clk 1:27:12]} dxe5
{[%clk 1:22:03]} 11. Nd5 {[%clk 1:21:27]} Nxd5 {[%clk 1:05:56]} 12. cxd5
{[%clk 1:21:29]} Nd4 {[%clk 1:03:05]} 13. Nxd4 {[%clk 1:13:05]} exd4
{[%clk 1:02:56]} 14. e4 {[%clk 1:11:45]} dxe3 {[%clk 0:59:31]} 15. fxe3
{[%clk 1:10:27]} Bd7 {[%clk 0:52:36]} 16. b3 {[%clk 1:03:56]} Re8
{[%clk 0:50:09]} 17. Bb2 {[%clk 1:01:10]} Bxb2 {[%clk 0:48:43]} 18. Rxb2
{[%clk 1:01:31]} Qf6 {[%clk 0:43:57]} 19. Rf2 {[%clk 0:50:18]} Qe5
{[%clk 0:43:47]} 20. Qf3 {[%clk 0:48:53]} f5 {[%clk 0:42:03]} 21. Rd2
{[%clk 0:36:06]} Rbd8 {[%clk 0:36:28]} 22. Qf4 {[%clk 0:35:55]} Qxf4
{[%clk 0:29:31]} 23. gxf4 {[%clk 0:36:18]} Bc8 {[%clk 0:24:52]} 24. Rc2
{[%clk 0:34:57]} Re7 {[%clk 0:24:22]} 25. Kf2 {[%clk 0:34:53]} Kf7
{[%clk 0:21:35]} 26. Rec1 {[%clk 0:34:14]} Rdd7 {[%clk 0:19:24]} 27. Bf3
{[%clk 0:32:33]} b6 {[%clk 0:17:19]} 28. d6 {[%clk 0:27:59]} Rxd6
{[%clk 0:17:11]} 29. Rxc7 {[%clk 0:27:53]} Be6 {[%clk 0:17:19]} 30. Be2
{[%clk 0:24:17]} a5 {[%clk 0:16:31]} 31. Rxe7+ {[%clk 0:18:03]} Kxe7
{[%clk 0:16:56]} 32. Rc7+ {[%clk 0:14:48]} Rd7 {[%clk 0:15:48]} 33. Rc2
{[%clk 0:15:12]} Kd8 {[%clk 0:12:19]} 34. Bb5 {[%clk 0:15:01]} Rd6
{[%clk 0:12:08]} 35. Bc6 {[%clk 0:13:11]} Bd7 {[%clk 0:11:29]} 36. Bf3
{[%clk 0:13:31]} Be6 {[%clk 0:11:31]} 37. h4 {[%clk 0:08:54]} h5 {[%clk 0:10:24]}
38. e4 {[%clk 0:07:35]} fxe4 {[%clk 0:09:16]} 39. Bxe4 {[%clk 0:08:03]} Bf7
{[%clk 0:08:41]} 40. Ke3 {[%clk 0:06:29]} Kd7 {[%clk 0:06:06]} 41. Rg2
{[%clk 0:06:40]} Rf6 {[%clk 0:04:44]} 42. Rg5 {[%clk 0:06:40]} Kd6
{[%clk 0:02:54]} 43. Rb5 {[%clk 0:05:03]} Kc7 {[%clk 0:02:17]} 44. Rg5
{[%clk 0:02:58]} Kd6 {[%clk 0:02:09]} 45. f5 {[%clk 0:02:20]} gxf5
{[%clk 0:02:12]} 46. Bxf5 {[%clk 0:02:40]} Ke7 {[%clk 0:30:03]} 47. Be4
{[%clk 0:30:11]} Rh6 {[%clk 0:28:37]} 48. Bd5 {[%clk 0:29:42]} Be8
{[%clk 0:25:32]} 49. Kd4 {[%clk 0:29:05]} Rf6 {[%clk 0:23:13]} 50. Ke5
{[%clk 0:28:10]} Rh6 {[%clk 0:21:09]} 51. Rg7+ {[%clk 0:28:12]} Kd8
{[%clk 0:19:57]} 52. Be6 {[%clk 0:27:49]} Rh8 {[%clk 0:16:48]} 53. Kd6
{[%clk 0:26:25]} b5 {[%clk 0:14:14]} 54. Rb7 {[%clk 0:26:28]}  1-0

[Event "European Senior Team Championship 2021"]
[Site "Don Giovanni hotel, Vinohradska 2733, Prague, Czech Republic"]
[Date "2021.08.30"]
[Round "1"]
[Board "4"]
[White "Macoun, Jiri"]
[Black "Bhend, Edwin"]
[Result "0-1"]
[WhiteElo "1718"]
[BlackElo "2104"]
[PlyCount "0"]
[EventDate "2021.08.30"]
[EventType "team"]
[EventRounds "9"]
[EventCountry "ECX"]
[WhiteTeam "CAISSA ROZTOKY"]
[BlackTeam "SWITZERLAND"]

1. e4 {[%clk 1:30:38]} c5 {[%clk 1:30:52]} 2. Bc4 {[%clk 1:30:16]} Nc6
{[%clk 1:30:49]} 3. a4 {[%clk 1:29:39]} g6 {[%clk 1:30:27]} 4. d3
{[%clk 1:29:16]} Bg7 {[%clk 1:30:46]} 5. Nc3 {[%clk 1:29:27]} d6 {[%clk 1:29:13]}
6. f4 {[%clk 1:29:08]} e6 {[%clk 1:28:04]} 7. Nf3 {[%clk 1:26:57]} Nge7
{[%clk 1:28:27]} 8. O-O {[%clk 1:27:09]} O-O {[%clk 1:28:52]} 9. Bd2
{[%clk 1:26:23]} Nd4 {[%clk 1:21:23]} 10. Ba2 {[%clk 1:25:13]} Nec6
{[%clk 1:19:59]} 11. Kh1 {[%clk 1:24:25]} Nb4 {[%clk 1:18:29]} 12. Nxd4
{[%clk 1:22:08]} cxd4 {[%clk 1:18:30]} 13. Ne2 {[%clk 1:22:23]} Nxa2
{[%clk 1:18:51]} 14. Rxa2 {[%clk 1:22:49]} f5 {[%clk 1:15:09]} 15. Bb4
{[%clk 1:21:32]} Re8 {[%clk 1:14:09]} 16. b3 {[%clk 1:19:49]} e5 {[%clk 1:03:01]}
17. Ng3 {[%clk 1:17:25]} exf4 {[%clk 1:01:32]} 18. Rxf4 {[%clk 1:17:34]} Be5
{[%clk 1:01:42]} 19. Rf3 {[%clk 1:15:35]} f4 {[%clk 1:00:05]} 20. Ne2
{[%clk 1:12:44]} Bg4 {[%clk 0:57:44]} 21. Rf1 {[%clk 1:12:44]} g5
{[%clk 0:47:05]} 22. Qe1 {[%clk 1:12:20]} d5 {[%clk 0:41:13]} 23. Ng1
{[%clk 1:12:04]} Bg7 {[%clk 0:40:37]} 24. Nf3 {[%clk 1:11:51]} dxe4
{[%clk 0:40:49]} 25. dxe4 {[%clk 1:12:01]} Bf5 {[%clk 0:40:54]} 26. e5
{[%clk 1:11:28]} g4 {[%clk 0:36:03]} 27. Nh4 {[%clk 1:11:41]} Rxe5
{[%clk 0:36:23]} 28. Qf2 {[%clk 1:11:53]} Be4 {[%clk 0:33:58]} 29. Bd2
{[%clk 1:10:13]} Rh5 {[%clk 0:30:15]} 30. Be1 {[%clk 1:06:48]} Qd5
{[%clk 0:26:27]} 31. Qe2 {[%clk 1:02:40]} f3 {[%clk 0:24:19]} 32. gxf3
{[%clk 0:57:01]} gxf3 {[%clk 0:24:43]} 33. Nxf3 {[%clk 0:57:10]} Rf8
{[%clk 0:24:43]} 34. Kg2 {[%clk 0:55:50]} Rhf5 {[%clk 0:23:45]} 35. Qc4
{[%clk 0:52:12]} Qxc4 {[%clk 0:22:54]} 36. bxc4 {[%clk 0:52:31]} Rxf3
{[%clk 0:23:04]} 37. Rxf3 {[%clk 0:52:35]} Rxf3 {[%clk 0:23:28]} 38. Kg1
{[%clk 0:52:22]} Be5 {[%clk 0:20:38]} 39. c5 {[%clk 0:51:04]} Bd5
{[%clk 0:18:43]} 40. Ra1 {[%clk 0:51:07]} d3 {[%clk 0:18:14]} 41. c3
{[%clk 0:51:20]} Bf4 {[%clk 0:17:39]} 42. Rd1 {[%clk 0:51:13]} Be3+
{[%clk 0:17:00]} 43. Kg2 {[%clk 0:51:17]} d2 {[%clk 0:16:38]} 44. Bg3
{[%clk 0:51:14]} Rf7+ {[%clk 0:14:27]} 45. Kh3 {[%clk 0:50:58]} Bb3
{[%clk 0:14:49]} 46. Rg1 {[%clk 0:51:26]} Bxg1  0-1

[Event "European Senior Team Championship 2021"]
[Site "Don Giovanni hotel, Vinohradska 2733, Prague, Czech Republic"]
[Date "2021.08.30"]
[Round "1"]
[Board "1"]
[White "Lomer, Edmund"]
[Black "Jurek, Josef"]
[Result "0-1"]
[WhiteElo "2013"]
[BlackElo "2208"]
[PlyCount "0"]
[EventDate "2021.08.30"]
[EventType "team"]
[EventRounds "9"]
[EventCountry "ECX"]
[WhiteTeam "GERMAN NORTH TEAM"]
[BlackTeam "SK SOKOL VYSEHRAD"]

1. Nf3 {[%clk 1:30:55]} c5 {[%clk 1:30:23]} 2. g3 {[%clk 1:31:06]} b6
{[%clk 1:30:24]} 3. Bg2 {[%clk 1:31:04]} Bb7 {[%clk 1:30:44]} 4. O-O
{[%clk 1:30:50]} g6 {[%clk 1:30:04]} 5. d4 {[%clk 1:29:31]} cxd4 {[%clk 1:29:59]}
6. Qxd4 {[%clk 1:26:33]} Nf6 {[%clk 1:30:07]} 7. c3 {[%clk 1:25:55]} Bg7
{[%clk 1:29:32]} 8. Qh4 {[%clk 1:24:39]} h6 {[%clk 1:26:52]} 9. Rd1
{[%clk 1:22:17]} Na6 {[%clk 1:16:50]} 10. Na3 {[%clk 1:19:26]} Nc5
{[%clk 1:14:23]} 11. Nb5 {[%clk 1:11:57]} a6 {[%clk 1:04:43]} 12. Na3
{[%clk 1:10:43]} d6 {[%clk 0:56:27]} 13. Be3 {[%clk 0:53:48]} Nce4
{[%clk 0:50:54]} 14. Nd2 {[%clk 0:47:57]} g5 {[%clk 0:49:59]} 15. Bxe4
{[%clk 0:19:03]} gxh4 {[%clk 0:46:33]} 16. Bxb7 {[%clk 0:19:14]} Rb8
{[%clk 0:40:02]} 17. Bc6+ {[%clk 0:18:24]} Kf8 {[%clk 0:39:42]} 18. Bf3
{[%clk 0:18:03]} hxg3 {[%clk 0:38:49]} 19. hxg3 {[%clk 0:18:07]} h5
{[%clk 0:36:33]} 20. Bg5 {[%clk 0:18:09]} Qc7 {[%clk 0:32:43]} 21. Nc2
{[%clk 0:18:14]} Qd7 {[%clk 0:23:08]} 22. Kg2 {[%clk 0:18:10]} Ng4
{[%clk 0:20:12]} 23. Ne4 {[%clk 0:17:46]} f5 {[%clk 0:15:49]} 24. Nd2
{[%clk 0:17:13]} Ne5 {[%clk 0:14:35]} 25. Nb4 {[%clk 0:17:13]} Nxf3
{[%clk 0:14:28]} 26. Nxf3 {[%clk 0:17:38]} Qb7 {[%clk 0:11:36]} 27. Nd5
{[%clk 0:17:20]} Re8 {[%clk 0:11:04]} 28. Kg1 {[%clk 0:16:08]} Kf7
{[%clk 0:10:28]} 29. Bh4 {[%clk 0:16:02]} Bh6 {[%clk 0:10:10]} 30. Rd3
{[%clk 0:15:45]} Rhg8 {[%clk 0:09:37]} 31. Rad1 {[%clk 0:13:47]} Rg6
{[%clk 0:08:42]} 32. Ne3 {[%clk 0:12:12]} Bxe3 {[%clk 0:08:38]} 33. Rxe3
{[%clk 0:12:35]} f4 {[%clk 0:07:06]} 34. Red3 {[%clk 0:12:26]} Reg8
{[%clk 0:06:40]} 35. Kh2 {[%clk 0:12:27]} fxg3+ {[%clk 0:06:09]} 36. fxg3
{[%clk 0:12:52]} Qe4 {[%clk 0:05:42]} 37. R1d2 {[%clk 0:12:42]} Rg4
{[%clk 0:05:11]} 38. Rd4 {[%clk 0:12:29]} Qe3 {[%clk 0:05:12]} 39. Rd5
{[%clk 0:11:39]} Rxh4+ {[%clk 0:04:19]}  0-1

[Event "European Senior Team Championship 2021"]
[Site "Don Giovanni hotel, Vinohradska 2733, Prague, Czech Republic"]
[Date "2021.08.30"]
[Round "1"]
[Board "2"]
[White "Pilar, Miloslav"]
[Black "Van Bentum, Horst"]
[Result "1/2-1/2"]
[WhiteElo "2035"]
[BlackElo "1989"]
[PlyCount "0"]
[EventDate "2021.08.30"]
[EventType "team"]
[EventRounds "9"]
[EventCountry "ECX"]
[WhiteTeam "SK SOKOL VYSEHRAD"]
[BlackTeam "GERMAN NORTH TEAM"]

1. d4 {[%clk 1:30:45]} Nf6 {[%clk 1:30:51]} 2. Nf3 {[%clk 1:31:07]} e6
{[%clk 1:30:48]} 3. Bf4 {[%clk 1:31:11]} d5 {[%clk 1:29:29]} 4. e3
{[%clk 1:31:16]} c5 {[%clk 1:28:12]} 5. c3 {[%clk 1:31:11]} Nc6 {[%clk 1:28:04]}
6. Nbd2 {[%clk 1:31:15]} Qb6 {[%clk 1:24:12]} 7. Qc2 {[%clk 1:21:26]} Be7
{[%clk 1:21:09]} 8. Be2 {[%clk 1:21:07]} O-O {[%clk 1:10:15]} 9. O-O
{[%clk 1:20:21]} Bd7 {[%clk 1:05:19]} 10. h3 {[%clk 1:14:50]} Rac8
{[%clk 1:04:19]} 11. Qb3 {[%clk 1:11:44]} Qxb3 {[%clk 0:56:43]} 12. axb3
{[%clk 1:10:21]} a6 {[%clk 0:56:20]} 13. Ra2 {[%clk 1:05:13]}  1/2-1/2

[Event "European Senior Team Championship 2021"]
[Site "Don Giovanni hotel, Vinohradska 2733, Prague, Czech Republic"]
[Date "2021.08.30"]
[Round "1"]
[Board "3"]
[White "Kundt, Guenther"]
[Black "Groh, Jiri"]
[Result "0-1"]
[WhiteElo "1751"]
[BlackElo "2020"]
[PlyCount "0"]
[EventDate "2021.08.30"]
[EventType "team"]
[EventRounds "9"]
[EventCountry "ECX"]
[WhiteTeam "GERMAN NORTH TEAM"]
[BlackTeam "SK SOKOL VYSEHRAD"]

1. d4 {[%clk 1:30:56]} d5 {[%clk 1:30:47]} 2. c4 {[%clk 1:30:56]} e6
{[%clk 1:31:12]} 3. Nf3 {[%clk 1:30:47]} Nf6 {[%clk 1:31:31]} 4. cxd5
{[%clk 1:31:09]} exd5 {[%clk 1:31:54]} 5. g3 {[%clk 1:29:31]} Be7
{[%clk 1:32:06]} 6. Bg2 {[%clk 1:29:55]} Bf5 {[%clk 1:32:07]} 7. Nc3
{[%clk 1:29:24]} O-O {[%clk 1:32:19]} 8. O-O {[%clk 1:29:33]} c6 {[%clk 1:31:32]}
9. Bg5 {[%clk 1:26:16]} h6 {[%clk 1:30:57]} 10. Bxf6 {[%clk 1:25:39]} Bxf6
{[%clk 1:30:38]} 11. b4 {[%clk 1:23:59]} Nd7 {[%clk 1:30:22]} 12. e3
{[%clk 1:10:03]} Nb6 {[%clk 1:29:15]} 13. Nd2 {[%clk 1:09:19]} Qd7
{[%clk 1:26:15]} 14. Na4 {[%clk 1:06:15]} Nxa4 {[%clk 1:19:31]} 15. Qxa4
{[%clk 1:06:36]} a5 {[%clk 1:16:34]} 16. a3 {[%clk 0:56:42]} axb4
{[%clk 1:13:30]} 17. Qxb4 {[%clk 0:56:33]} Be7 {[%clk 1:13:36]} 18. Qc3
{[%clk 0:51:48]} Ra7 {[%clk 1:09:12]} 19. e4 {[%clk 0:40:14]} dxe4
{[%clk 1:08:18]} 20. Bxe4 {[%clk 0:39:34]} Rfa8 {[%clk 1:07:33]} 21. Bxf5
{[%clk 0:39:14]} Qxf5 {[%clk 1:07:50]} 22. Nc4 {[%clk 0:36:18]} Bf6
{[%clk 1:04:05]} 23. Rfe1 {[%clk 0:32:31]} c5 {[%clk 0:59:09]} 24. Ne5
{[%clk 0:28:14]} cxd4 {[%clk 0:57:30]} 25. Qxd4 {[%clk 0:28:23]} Rxa3
{[%clk 0:56:47]} 26. Rxa3 {[%clk 0:25:01]} Rxa3 {[%clk 0:57:11]} 27. Qd5
{[%clk 0:21:47]} Bxe5 {[%clk 0:50:48]} 28. Qxe5 {[%clk 0:14:08]} Qxe5
{[%clk 0:50:42]} 29. Rxe5 {[%clk 0:14:36]} Rb3 {[%clk 0:50:39]} 30. Re8+
{[%clk 0:13:03]} Kh7 {[%clk 0:51:02]} 31. Re7 {[%clk 0:13:27]} Kg6
{[%clk 0:51:22]} 32. Kg2 {[%clk 0:13:37]} Kf6 {[%clk 0:50:57]} 33. Rd7
{[%clk 0:13:06]} h5 {[%clk 0:51:11]} 34. h4 {[%clk 0:11:58]} b5 {[%clk 0:50:56]}
35. Rb7 {[%clk 0:10:16]} g6 {[%clk 0:50:59]} 36. Kh3 {[%clk 0:07:09]} Ke6
{[%clk 0:50:48]} 37. f4 {[%clk 0:07:13]} Rb2 {[%clk 0:50:53]} 38. Rb8
{[%clk 0:03:40]} Kf5 {[%clk 0:50:20]} 39. Rb7 {[%clk 0:02:47]} f6
{[%clk 0:49:59]} 40. Rc7 {[%clk 0:02:49]} b4 {[%clk 0:47:49]} 41. Rc5+
{[%clk 0:29:01]} Ke6 {[%clk 0:57:25]} 42. Rc6+ {[%clk 0:28:45]} Ke7
{[%clk 0:56:32]} 43. Rc7+ {[%clk 0:26:53]} Kf8 {[%clk 0:54:14]} 44. Rb7
{[%clk 0:24:02]} b3 {[%clk 0:54:07]} 45. Rb8+ {[%clk 0:19:20]} Ke7
{[%clk 0:53:34]} 46. Rb7+ {[%clk 0:19:45]} Ke6 {[%clk 0:53:29]} 47. Rb6+
{[%clk 0:19:53]} Kf5 {[%clk 0:53:48]} 48. Rb5+ {[%clk 0:19:35]} Ke4
{[%clk 0:53:54]} 49. Rb6 {[%clk 0:16:07]} Rb1 {[%clk 0:54:09]} 50. Rxf6
{[%clk 0:11:21]} b2  0-1

[Event "European Senior Team Championship 2021"]
[Site "Don Giovanni hotel, Vinohradska 2733, Prague, Czech Republic"]
[Date "2021.08.30"]
[Round "1"]
[Board "4"]
[White "Slechta, Karel"]
[Black "Geibel, Henning"]
[Result "1-0"]
[WhiteElo "1836"]
[BlackElo "1446"]
[PlyCount "0"]
[EventDate "2021.08.30"]
[EventType "team"]
[EventRounds "9"]
[EventCountry "ECX"]
[WhiteTeam "SK SOKOL VYSEHRAD"]
[BlackTeam "GERMAN NORTH TEAM"]

1. e4 {[%clk 1:30:55]} e5 {[%clk 1:30:46]} 2. Nf3 {[%clk 1:31:17]} d6
{[%clk 1:31:00]} 3. d4 {[%clk 1:31:22]} exd4 {[%clk 1:31:09]} 4. Nxd4
{[%clk 1:31:42]} Nf6 {[%clk 1:31:16]} 5. Nc3 {[%clk 1:31:49]} Be7
{[%clk 1:31:03]} 6. Bb5+ {[%clk 1:25:02]} c6 {[%clk 1:30:33]} 7. Ba4
{[%clk 1:25:11]} O-O {[%clk 1:30:39]} 8. Bb3 {[%clk 1:25:04]} c5 {[%clk 1:28:34]}
9. Nf3 {[%clk 1:23:56]} Bg4 {[%clk 1:27:41]} 10. h3 {[%clk 1:22:46]} Bh5
{[%clk 1:27:48]} 11. Bf4 {[%clk 1:06:56]} Bg6 {[%clk 1:24:40]} 12. Qd3
{[%clk 0:53:58]} a6 {[%clk 1:22:57]} 13. a4 {[%clk 0:52:26]} Nc6 {[%clk 1:20:31]}
14. O-O {[%clk 0:45:41]} h6 {[%clk 1:18:31]} 15. Rad1 {[%clk 0:38:39]} Ne8
{[%clk 1:12:10]} 16. Nd5 {[%clk 0:36:11]} Nb4 {[%clk 1:09:18]} 17. Nxb4
{[%clk 0:32:46]} cxb4 {[%clk 1:09:35]} 18. Qe2 {[%clk 0:29:45]} Qc7
{[%clk 1:07:13]} 19. Rfe1 {[%clk 0:29:00]} Rd8 {[%clk 1:04:55]} 20. e5
{[%clk 0:26:23]} Kh7 {[%clk 1:01:45]} 21. exd6 Bxd6 22. Bxd6 {[%clk 0:18:33]}
Nxd6 {[%clk 1:01:45]} 23. Qe7 {[%clk 0:18:07]} Qxe7 {[%clk 1:01:19]} 24. Rxe7
{[%clk 0:18:35]} b5 {[%clk 0:59:35]} 25. Ra7 {[%clk 0:18:31]} bxa4
{[%clk 0:59:17]} 26. Bxa4 Nc4 27. Rxd8 {[%clk 0:14:05]} Rxd8 {[%clk 0:59:23]} 28.
Rxa6 {[%clk 0:14:18]} Rd1+ {[%clk 0:59:32]} 29. Kh2 {[%clk 0:14:47]} Nxb2
{[%clk 0:59:07]} 30. Bb3 {[%clk 0:13:47]} Rc1 {[%clk 0:59:06]} 31. Rb6
{[%clk 0:11:59]} Bxc2 {[%clk 0:59:01]} 32. Bxf7 {[%clk 0:11:30]} Nd3
{[%clk 0:58:22]} 33. Nd4 {[%clk 0:11:13]} b3 {[%clk 0:57:19]} 34. Bg6+
{[%clk 0:11:34]} Kg8 {[%clk 0:56:42]} 35. Rb8# {[%clk 0:11:55]}  1-0

[Event "European Senior Team Championship 2021"]
[Site "Don Giovanni hotel, Vinohradska 2733, Prague, Czech Republic"]
[Date "2021.08.30"]
[Round "1"]
[Board "1"]
[White "Kolbak, Jens"]
[Black "Jeute, Peter"]
[Result "1/2-1/2"]
[WhiteElo "2169"]
[BlackElo "1866"]
[PlyCount "0"]
[EventDate "2021.08.30"]
[EventType "team"]
[EventRounds "9"]
[EventCountry "ECX"]
[WhiteTeam "SK 2012"]
[BlackTeam "DRESDENER SPRINGER"]

1. d4 {[%clk 1:30:55]} d5 {[%clk 1:30:52]} 2. Nf3 {[%clk 1:31:09]} e6
{[%clk 1:31:13]} 3. c4 {[%clk 1:31:03]} c5 {[%clk 1:31:03]} 4. cxd5
{[%clk 1:31:08]} exd5 {[%clk 1:31:26]} 5. Nc3 {[%clk 1:31:22]} Nc6
{[%clk 1:31:45]} 6. g3 {[%clk 1:30:34]} Nf6 {[%clk 1:31:42]} 7. Bg2
{[%clk 1:30:48]} Be7 {[%clk 1:31:56]} 8. O-O {[%clk 1:30:51]} O-O
{[%clk 1:32:18]} 9. Bg5 {[%clk 1:29:00]} c4 {[%clk 1:32:12]} 10. Ne5
{[%clk 1:27:05]} Be6 {[%clk 1:31:58]} 11. Qd2 {[%clk 1:10:08]} h6
{[%clk 1:21:15]} 12. Be3 {[%clk 1:09:46]} Re8 {[%clk 1:14:03]} 13. f4
{[%clk 1:08:10]} Bf5 {[%clk 1:11:39]} 14. Rad1 {[%clk 1:04:17]} a6
{[%clk 1:06:37]} 15. Bf2 {[%clk 0:56:18]} Bb4 {[%clk 1:02:04]} 16. Qc1
{[%clk 0:52:03]} Bxc3 {[%clk 0:55:44]} 17. bxc3 {[%clk 0:45:50]} Ne4
{[%clk 0:50:02]}  1/2-1/2

[Event "European Senior Team Championship 2021"]
[Site "Don Giovanni hotel, Vinohradska 2733, Prague, Czech Republic"]
[Date "2021.08.30"]
[Round "1"]
[Board "2"]
[White "Mueckan, Friedbert"]
[Black "Jorgensen, Jorgen"]
[Result "0-1"]
[WhiteElo "1883"]
[BlackElo "2165"]
[PlyCount "0"]
[EventDate "2021.08.30"]
[EventType "team"]
[EventRounds "9"]
[EventCountry "ECX"]
[WhiteTeam "DRESDENER SPRINGER"]
[BlackTeam "SK 2012"]

1. e4 {[%clk 1:30:38]} Nf6 {[%clk 1:30:59]} 2. e5 {[%clk 1:29:21]} Nd5
{[%clk 1:31:19]} 3. Bc4 {[%clk 1:29:31]} Nb6 {[%clk 1:31:13]} 4. Be2
{[%clk 1:27:44]} d5 {[%clk 1:30:31]} 5. d4 {[%clk 1:27:36]} Bf5 {[%clk 1:30:41]}
6. Nf3 {[%clk 1:25:17]} e6 {[%clk 1:30:46]} 7. O-O {[%clk 1:25:07]} c5
{[%clk 1:30:42]} 8. c3 {[%clk 1:24:02]} Nc6 {[%clk 1:30:32]} 9. Bd3
{[%clk 1:22:17]} Bxd3 {[%clk 1:26:41]} 10. Qxd3 {[%clk 1:22:44]} Be7
{[%clk 1:26:53]} 11. Bf4 {[%clk 1:14:28]} Rc8 {[%clk 1:22:49]} 12. dxc5
{[%clk 1:12:05]} Bxc5 {[%clk 1:22:39]} 13. Nbd2 {[%clk 1:09:58]} Be7
{[%clk 1:14:32]} 14. Rfd1 {[%clk 0:56:15]} O-O {[%clk 1:06:23]} 15. Qe2
{[%clk 0:48:16]} Na4 {[%clk 1:01:20]} 16. Nb3 {[%clk 0:42:51]} b5
{[%clk 0:53:08]} 17. Nfd4 {[%clk 0:33:45]} a6 {[%clk 0:53:37]} 18. Rd3
{[%clk 0:29:12]} Bg5 {[%clk 0:28:38]} 19. Bg3 {[%clk 0:25:43]} Nxd4
{[%clk 0:28:09]} 20. Nxd4 {[%clk 0:22:06]} Nc5 {[%clk 0:27:50]} 21. Rdd1
{[%clk 0:20:34]} Qb6 {[%clk 0:27:21]} 22. Qg4 {[%clk 0:20:39]} Be7
{[%clk 0:27:14]} 23. Bf4 {[%clk 0:20:36]} Kh8 {[%clk 0:25:23]} 24. Be3
{[%clk 0:17:56]} b4 {[%clk 0:24:13]} 25. Nb3 {[%clk 0:12:54]} bxc3
{[%clk 0:23:55]} 26. bxc3 {[%clk 0:13:13]} Qb8 {[%clk 0:22:14]} 27. Nxc5
{[%clk 0:13:09]} Bxc5 {[%clk 0:22:32]} 28. Bd4 {[%clk 0:13:13]} Qb2
{[%clk 0:18:47]} 29. Rdb1 {[%clk 0:12:14]} Qc2 {[%clk 0:18:36]} 30. Rc1
{[%clk 0:12:02]} Qa4 {[%clk 0:17:58]} 31. Qd1 {[%clk 0:11:47]} Qxd1+
{[%clk 0:13:05]} 32. Rxd1 {[%clk 0:12:15]} Bxd4 {[%clk 0:13:19]} 33. cxd4
{[%clk 0:12:34]} Rc4 {[%clk 0:13:39]} 34. Kf1 {[%clk 0:12:35]} g5
{[%clk 0:13:43]} 35. Rd3 {[%clk 0:12:49]} Rb8 {[%clk 0:13:47]} 36. Ke2
{[%clk 0:12:48]} Rb2+ {[%clk 0:13:59]} 37. Ke3 {[%clk 0:13:08]} Rcc2
{[%clk 0:14:08]} 38. Rf1 {[%clk 0:11:45]} Rxa2 {[%clk 0:13:43]} 39. g4
{[%clk 0:11:30]} a5 {[%clk 0:11:30]} 40. h3 {[%clk 0:11:55]} a4 {[%clk 0:10:42]}
41. Rdd1 {[%clk 0:06:58]} Kg7 {[%clk 0:03:30]} 42. Rd3 {[%clk 0:02:53]} Kg6
{[%clk 0:04:00]} 43. Rdd1 {[%clk 0:02:09]} Rc3+ {[%clk 0:02:05]} 44. Rd3
{[%clk 0:02:12]} Rxd3+ {[%clk 0:02:25]} 45. Kxd3 {[%clk 0:02:29]} Ra3+
{[%clk 0:02:52]} 46. Kc2 {[%clk 0:02:40]} Rxh3 {[%clk 0:03:11]} 47. f3
{[%clk 0:01:12]} Rh2+ {[%clk 0:03:06]} 48. Kc1 {[%clk 0:30:16]} a3
{[%clk 0:33:08]} 49. Kb1 Rd2 50. Re1 {[%clk 0:24:37]} Rd3 {[%clk 0:32:56]} 51.
Ka2 {[%clk 0:24:55]} Rxf3  0-1

[Event "European Senior Team Championship 2021"]
[Site "Don Giovanni hotel, Vinohradska 2733, Prague, Czech Republic"]
[Date "2021.08.30"]
[Round "1"]
[Board "3"]
[White "Holst, Per"]
[Black "Kretschmer, Wolfgang"]
[Result "1-0"]
[WhiteElo "2097"]
[BlackElo "1731"]
[PlyCount "0"]
[EventDate "2021.08.30"]
[EventType "team"]
[EventRounds "9"]
[EventCountry "ECX"]
[WhiteTeam "SK 2012"]
[BlackTeam "DRESDENER SPRINGER"]

1. c4 {[%clk 1:30:57]} e5 {[%clk 1:30:42]} 2. Nc3 {[%clk 1:31:20]} Nf6
{[%clk 1:31:01]} 3. Nf3 {[%clk 1:31:40]} Nc6 {[%clk 1:31:04]} 4. e3
{[%clk 1:32:04]} Bb4 {[%clk 1:30:31]} 5. Qc2 {[%clk 1:32:23]} O-O
{[%clk 1:29:21]} 6. Nd5 {[%clk 1:31:13]} Re8 {[%clk 1:27:00]} 7. Qf5
{[%clk 1:28:32]} d6 {[%clk 1:21:48]} 8. Nxf6+ {[%clk 1:28:47]} Qxf6
{[%clk 1:22:06]} 9. Qxf6 {[%clk 1:28:48]} gxf6 {[%clk 1:22:34]} 10. b3
{[%clk 1:23:17]} Bf5 {[%clk 1:16:38]} 11. Bb2 {[%clk 1:11:22]} Bg6
{[%clk 1:05:09]} 12. Be2 {[%clk 1:05:15]} Rad8 {[%clk 0:59:03]} 13. a3
{[%clk 1:03:04]} Ba5 {[%clk 0:59:23]} 14. b4 {[%clk 0:59:13]} Bb6
{[%clk 0:59:45]} 15. O-O {[%clk 0:58:55]} f5 {[%clk 0:44:12]} 16. c5
{[%clk 0:47:19]} dxc5 {[%clk 0:42:54]} 17. b5 {[%clk 0:47:41]} e4
{[%clk 0:39:34]} 18. bxc6 {[%clk 0:46:39]} exf3 {[%clk 0:39:39]} 19. Bxf3
{[%clk 0:45:22]} Rxd2 {[%clk 0:37:00]} 20. Bc1 {[%clk 0:43:14]} Rd6
{[%clk 0:34:44]} 21. cxb7 {[%clk 0:43:28]} c6 {[%clk 0:30:27]} 22. a4
{[%clk 0:39:47]} Ba5 {[%clk 0:28:52]} 23. Ba3 {[%clk 0:33:44]} Bb4
{[%clk 0:28:38]} 24. Bxb4 {[%clk 0:33:07]} cxb4 {[%clk 0:29:02]} 25. Rfd1
{[%clk 0:33:18]} Rde6 {[%clk 0:23:32]} 26. Rac1 {[%clk 0:31:24]} b3
{[%clk 0:20:28]} 27. Rxc6 {[%clk 0:30:28]} Rxc6 {[%clk 0:19:21]} 28. Bxc6
{[%clk 0:30:47]} Rb8 {[%clk 0:19:26]} 29. Rb1 {[%clk 0:30:40]}  1-0